[Event "GRE-chT Online Rapid (Women) 1st"]
[Site "Tornelo INT"]
[Date "2021.02.21"]
[Round "6.6"]
[White "Mikaelian, Maro"]
[Black "Orfanaki, Kalliopi"]
[Result "1/2-1/2"]
[WhiteElo "1075"]
[BlackElo "1394"]
[PlyCount "95"]
[EventDate "2021.02.20"]
[EventType "team-swiss (rapid)"]
[EventRounds "9"]
[EventCountry "GRE"]
[SourceTitle "EXT 2023"]
[Source "ChessBase"]
[SourceDate "2022.10.05"]
[SourceVersion "1"]
[SourceVersionDate "2022.10.05"]
[SourceQuality "1"]

1. c4 e6 2. g3 Nf6 3. Bg2 d5 4. cxd5 exd5 5. Nf3 Be7 6. b3 0-0 7. Bb2 Nbd7 8. d4 b6 9. 0-0 Bb7 10. Nc3 c5 11. dxc5 bxc5 12. Re1 Rc8 13. Rc1 a6 14. Nd2 Ne5 15. Nxd5 Bxd5 16. Bxe5 Bxg2 17. Bxf6 Bxf6 18. Kxg2 Qa5 19. Qc2 Rfd8 20. Ne4 Be7 21. Red1 Qb6 22. Kg1 h6 23. Qb2 Qa5 24. Qe5 Re8 25. Qb2 c4 26. Nd6 Bxd6 27. Rxd6 cxb3 28. Rxc8 Rxc8 29. axb3 Qe1+ 30. Kg2 Rc1 31. Qd2 Qh1+ 32. Kh3 Qf1+ 33. Kg4 h5+ 34. Kf3 Qh1+ 35. Ke3 Rc8 36. Rd8+ Rxd8 37. Qxd8+ Kh7 38. Qd3+ Kg8 39. Qxa6 Qc1+ 40. Ke4 Qc2+ 41. Qd3 Qc6+ 42. Ke3 Qe6+ 43. Kd2 Qh6+ 44. Qe3 Qd6+ 45. Kc2 Qc6+ 46. Kb2 Qf6+ 47. Kc2 Qc6+ 48. Qc3 1/2-1/2

[Event "GRE-chT Online Rapid (Women) 1st"]
[Site "Tornelo INT"]
[Date "2021.02.20"]
[Round "1.8"]
[White "Mikaelian, Maro"]
[Black "Kapia, Aggeliki"]
[Result "0-1"]
[WhiteElo "1075"]
[BlackElo "1310"]
[PlyCount "118"]
[EventDate "2021.02.20"]
[EventType "team-swiss (rapid)"]
[EventRounds "9"]
[EventCountry "GRE"]
[SourceTitle "EXT 2023"]
[Source "ChessBase"]
[SourceDate "2022.10.05"]
[SourceVersion "1"]
[SourceVersionDate "2022.10.05"]
[SourceQuality "1"]

1. c4 e6 2. g3 d5 3. cxd5 exd5 4. Bg2 Nf6 5. Nf3 c6 6. b3 Be7 7. Bb2 0-0 8. 0-0 Nbd7 9. d4 b6 10. Nc3 Bb7 11. Re1 Rc8 12. e4 dxe4 13. Nxe4 Nd5 14. Nc3 N7f6 15. Rc1 Bb4 16. a3 Nxc3 17. Bxc3 Bxa3 18. Ra1 Qd6 19. Nd2 b5 20. Nb1 b4 21. Bd2 Qxd4 22. Nxa3 bxa3 23. Rxa3 Rcd8 24. Ra2 Nd5 25. Qa1 Qxa1 26. Rexa1 a6 27. Bf1 Nf6 28. Bb4 Rfe8 29. Bxa6 Bxa6 30. Rxa6 Rb8 31. Bd2 Rxb3 32. Rxc6 h6 33. Rac1 Rd3 34. Be3 Nd5 35. Rd6 Re6 36. Rd8+ Kh7 37. Re1 Nb4 38. Rxd3 Nxd3 39. Rd1 Ne5 40. Kg2 Ng4 41. Rd3 f5 42. h3 Nxe3+ 43. Rxe3 Rxe3 44. fxe3 Kg6 45. Kf3 Kf6 46. Kf4 g5+ 47. Kf3 Ke5 48. g4 Ke6 49. gxf5+ Kxf5 50. e4+ Ke5 51. Kg4 Kxe4 52. Kh5 Kf5 53. h4 g4 54. Kxh6 g3 55. h5 g2 56. Kh7 g1Q 57. h6 Qg6+ 58. Kh8 Kf6 59. h7 Qg7# 0-1

[Event "GRE-ch U14 Girls"]
[Site "Patras"]
[Date "2019.06.26"]
[Round "2.10"]
[White "Mikaelian, Maro"]
[Black "Sklavounou, Iliana"]
[Result "1-0"]
[WhiteElo "1103"]
[BlackElo "1253"]
[PlyCount "105"]
[EventDate "2019.06.25"]
[EventType "swiss"]
[EventRounds "9"]
[EventCountry "GRE"]
[SourceTitle "EXT 2020"]
[Source "ChessBase"]
[SourceDate "2019.10.17"]
[SourceVersion "1"]
[SourceVersionDate "2019.10.17"]
[SourceQuality "1"]
[WhiteTeam "Greece"]
[BlackTeam "Greece"]
[WhiteTeamCountry "GRE"]
[BlackTeamCountry "GRE"]

1. c4 e5 2. Nc3 Nf6 3. g3 Be7 4. Bg2 c6 5. Nf3 d6 6. 0-0 Be6 7. b3 h6 8. Bb2 0-0 9. d4 Qc7 10. Rc1 Rd8 11. Qc2 Nbd7 12. Rfd1 Rac8 13. Nh4 exd4 14. Rxd4 Ne5 15. Nf5 Bf8 16. Ne3 d5 17. cxd5 cxd5 18. Ncxd5 Qxc2 19. Nxf6+ gxf6 20. Rxc2 b6 21. Rcd2 Re8 22. Re4 Bc5 23. Bxe5 Bxe3 24. fxe3 Bf5 25. Rh4 Rxe5 26. Rxh6 Kg7 27. Rh4 Rxe3 28. Rf4 Re5 29. e4 Be6 30. Rdf2 Rc1+ 31. Bf1 Bh3 32. Rxf6 Rxe4 33. Rxf7+ Kg6 34. Rxa7 Ree1 35. Raf7 Ra1 36. R7f3 Bg4 37. Rf6+ Kg7 38. Kg2 Rxa2 39. R6f4 Be2 40. Bxe2 Rexe2 41. Rxe2 Rxe2+ 42. Rf2 Re3 43. Rf3 Re2+ 44. Kh3 Rb2 45. g4 Rb1 46. Kh4 Rg1 47. Kg5 Rd1 48. h4 Rd5+ 49. Rf5 Rd4 50. h5 Rb4 51. h6+ Kg8 52. Rf3 Rb5+ 53. Kg6 1-0